000 00328nam a22001457a 4500
008 221117b ||||| |||| 00| 0 eng d
020 _a9781567932928
041 _aeng
080 _2second edition
_a61
082 _a61FLE
100 _a4
101 _aMJK
245 _aMANAGERIAL EPIDEMIOLOGY
_cFLEMING S
942 _2udc
_cBK
999 _c58920
_d58920